000 01307nam a2200265Ia 4500
003 OSt
005 20221005113558.0
006 a|||||r|||| 00| 0
007 ta
008 221004b |||||||| |||| 00| 0 hin d
024 _a10420
037 _cTextual
040 _aCRL
_cCRL
_bhin
041 _2hin
_ahin
100 _aमनीषा, ले.
110 _aदिल्ली विश्वविद्यालय. कला संकाय. हिन्दी विभाग
245 0 _a” हिन्दी टेलीविज़न चैनलों में हास्य और व्यंग्य की प्रस्तुतियों और प्रमुख कार्टून चैनलों का चिन्हशास्त्रीय अध्ययन “
246 _a” hindī ṭelīviज़n chainaloan mean hāsya aur vyangya kī prastutiyoan aur pramukh kārṭūn chainaloan kā chinhashāstrīya adhyayan “
260 _c2013
300 _a230पृ0
_ccm.
650 _aहिन्दी साहित्य
700 _aदिल्ली विश्वविद्यालय. कला संकाय. हिन्दी विभाग
942 _cTEXL
_2cc
999 _c1028616
_d1028616